| 000 | 00539nam a2200217Ia 4500 | ||
|---|---|---|---|
| 003 | OSt | ||
| 005 | 20220606143922.0 | ||
| 008 | 210210b2003 xxu||||| |||| 00| 0 eng d | ||
| 020 | _a81 219 2214 3 | ||
| 040 | _cAL | ||
| 041 | _aeng | ||
| 082 | _a658.8342 JAIC | ||
| 100 |
_aJAIN (P C) _940636 |
||
| 245 | _aConsumer behaviour in indian context | ||
| 260 |
_aND _bS. Chand & Co. Ltd. _c2003 |
||
| 300 | _aviii,255 | ||
| 690 |
_aConsumer Behaviour _940637 |
||
| 700 |
_aBHATT (Monika). _940638 |
||
| 906 | _a060067 | ||
| 942 |
_2ddc _cBK |
||
| 999 |
_c107008 _d107008 |
||